Rappers by Album 2 - Statistics

General Stats
  • This quiz has been taken 1,216 times
  • The average score is 6 of 15
Answer Stats
Answer % Correct
The Eminem Show Eminem
99%
The Carter III Lil Wayne
88%
My Beautiful Dark Twisted Fantasy Kanye West
86%
Take Care Drake
79%
2Pacalypse Now 2Pac
69%
Shaq Diesel Shaquille O'neal
44%
Hip Hop Is Dead Nas
37%
Flockaveli Waka Flocka Flame
18%
The Last Meal Snoop Dogg
14%
The Red Light District Ludacris
8%
Trilla Rick Ross
6%
The Recession Young Jeezy
5%
Hard To Kill Gucci Mane
3%
www.thugs.com Trick Daddy
3%
Ruthless Ace Hood
1%
No matching quizzes found
Score Distribution
Percent of People with Each Score
Percentile by Number Answered
Your Score History
You have not taken this quiz